000 00588nam a2200193Ia 4500
008 131103s9999 xx 000 0 und d
040 _aLoreto College
041 _aEnglish
082 _a940.2/HAY
_bLCLIB/copy 2(Discarded)
100 _aHayes,Carlton J.H.
245 _aModern Europe to 1870
_cCarlton J.H.Hayes
260 _aNew York
_bThe Macmillan Co.
_c1939
300 _axii,837 p.
_b ill.,charts
_c 21 cm.
504 _aAnother Is Published by Surjeet Publications
650 _aModern History
651 _aEurope - Modern History
850 _aLCLIB/940.2/HAY
942 _cBK
999 _c3975
_d54454